00396 2200157 4500245005300000250001100053100001900064650001700083005001900100260003800119041001400157084001300171300003400184336000900218338001100227 aOrange After School Vol. 2cKyoko, KumagaihText aCet. 1 aKyoko, Kumagai aKomik Jepang a20230202085722 aJakartabTiga Lancar Semesac2009 aIndonesia a741.5592 a... jil. :bilus. ;c17,5 cm. atext avolume